00913nas a2200241Ia 4500001001100000003000900011008004100020040001300061040001300074041001200087100004600099210001700145222001700162242007700179245010500256250001100361260004600372501008600418300001900504362004000523500007200563650003600635R020/B1048IT-RoPAU151124c99999999xx |||||||||||| ||und|| aIT-RoPAU cIT-RoPAU aINGLESE aMerritt RussellgCodice Aut. SPICS: 6929 aGRIFFITHIANA aGriffithiana aGRIFFITH-GISH: UN RAPPORTO COMPLESSOnCod. Traduzione Titolo: B1059yITA aGRIFFITHIANA, ANNO 14-N.40/41/42 (OTTOBRE 1991)bGriffith-Gish Collaboration (The): A Tangled Affair a1a ed. aGEMONA (UDINE)bCINETECA DEL FRIULIc1991 bPaulus - SPICS - Società San Paolo EM (non-commercial uses only)cCopyright2015 a3 p. [101-103] aANNO 014, N.40/41/42 (OTTOBRE 1991) aRapporto Complesso tra il Grande Griffith e L'Attrice Lillian Gish. aCINEMAvPUBBLICAZIONE PERIODICA